000 00546nam a2200205Ia 4500
005 20230720144902.0
008 131103s9999 xx 000 0 und d
020 _cRs.6
040 _aLoreto College
041 _aEnglish
082 _a954.01
_bBHA
100 _aBhattacharya,Sachchidananda
245 _aSelect Asokan Epigraphs
_cSachchidananda Bhattacharya
260 _aCalcutta
_bFirma K.L.Mukhopadhyey
_c1960
300 _axiv,82 p.
504 _aIncludes index
650 _aAncient Indian History
850 _aLCLIB
942 _cBK
999 _c8914
_d59393